| 000 | 00556nmm a2200193Ia 4500 | ||
|---|---|---|---|
| 008 | 251105s9999||||xx |||||||||||||||||und|| | ||
| 020 | _a9788433969385 | ||
| 041 | _aspa | ||
| 100 | _aZulaika, Jaime | ||
| 245 | 0 | _aMúsica para corazones incendiados | |
| 264 |
_a[Madrid, España] : _bEditorial Anagrama, _c2014 |
||
| 300 | _a252 páginas | ||
| 490 | _aPanorama de narrativas | ||
| 650 | _aNorth American narrative | ||
| 700 | _aZulaika, Jaime | ||
| 700 | 1 | _a Homes, A. M. | |
| 856 | _uhttps://public.digitaliapublishing.com/a/32346 | ||
| 942 | _cCF | ||
| 999 |
_c72864 _d72864 |
||